Countries that Start with I - Shape Quiz - Statistics

General Stats
  • This quiz has been taken 114,711 times
    83,987 since last reset
  • The average score is 8 of 9
Answer Stats
Picture Answer % Correct
Indonesia
99%
Italy
99%
Iceland
96%
India
95%
Iran
89%
Iraq
88%
Ireland
88%
Israel
81%
Ivory Coast
62%
No matching quizzes found
Score Distribution
Percent of People with Each Score
Percentile by Number Answered
Your Score History
You have not taken this quiz since the last reset